(Fast) Alle Knochen des menschlichen Körpers - Statistiken

Allgemein
  • Dieses Quiz wurde 585 mal gespielt
  • Das Durchschnittsergebnis liegt bei 20 aus 58
Antwortstatistiken
Wo? Antwort % Korrekt
Arm Elle
91%
Arm Speiche
85%
Bein Oberschenkelknochen
77%
Unterschenkel Schienbein
72%
Rumpf Rippen
65%
Schultergürtel Schlüsselbein
64%
Unterschenkel Wadenbein
62%
Schädel Nasenbein
57%
Rumpf Steißbein
57%
Rumpf Wirbelsäule
57%
Schädel Unterkiefer
56%
Schädel Oberkiefer
54%
Schultergürtel Schulterblatt
53%
Bein Kniescheibe
50%
Mittelfußknochen Zehen
49%
Rumpf Brustbein
48%
Schädel Jochbein
47%
Fuß Mittelfußknochen
46%
Arm Oberarmknochen
46%
Hand Mittelhandknochen
45%
Schädel Stirnbein
44%
Fußwurzelknochen Fersenbein
40%
Rumpf Halswirbel
39%
Bein Unterschenkelknochen
37%
Rumpf Lendenwirbel
36%
Hand Handwurzel
32%
Schädel Schläfenbein
31%
Rumpf Brustwirbel
29%
Hand Kahnbein
29%
Fußwurzelknochen Kahnbein
29%
Hüftbein Schambein
29%
Fuß Fußwurzelknochen
27%
Rumpf Kreuzbein
24%
Hand Mondbein
24%
Hand Erbsenbein
21%
Schädel Hinterhauptbein
20%
Hüfte Hüftbein
20%
Rumpf Brustkorb / Thorax
19%
Hand Dreiecksbein
19%
Schädel Scheitelbein
19%
Hüftbein Sitzbein
19%
Hüftbein Darmbein
17%
Hand großes Vieleckbein
17%
Schädel Keilbein
17%
Fußwurzelknochen Keilbein
17%
Hand kleines Vieleckbein
17%
Fußwurzelknochen Sprungbein
17%
Hand Hakenbein
16%
Schädel Zungenbein
16%
Hand Kopfbein
15%
Schädel Gaumenbein
13%
Schädel Siebbein
13%
Schädel Tränenbein
13%
Fußwurzelknochen Würfelbein
12%
Schädel Gehörknöchelchen
11%
Schädel Pflugscharbein
10%
Mittelfußknochen Sesambein
10%
Schädel Hirnschädel
9%
Keine übereinstimmenden Quizze gefunden
Verteilung der Resultate
Anzahl Personen mit jedem Resultat
Perzentil nach korrekt beantworteten Fragen
Ihre Resultats-Entwicklung
Sie haben dieses Quiz noch nicht gespielt